Europe Big 3 Monarchs Quiz - Statistics

General Stats
  • This quiz has been taken 174 times
  • The average score is 29 of 53
Answer Stats
# Name % Correct
? Charles
100%
? Louis
99%
? Elizabeth
97%
? Henry
97%
? George
94%
? Edward
93%
? William
93%
? Mary
91%
? Victoria
91%
? Richard
89%
? John
88%
? James
86%
? Napoleon
82%
? Anne
81%
? Philip
81%
? Wilhelm
78%
? Franz Joseph
72%
? Friedrich
69%
? Stephen
67%
? Francis
64%
? Frederick
63%
? Otto
63%
? Karl
60%
? Alfred
50%
? Louis Philippe
50%
? Harold
49%
? Robert
49%
? Lothair
47%
? Lothair
47%
? Æthelred
46%
? Joseph
46%
? Carloman
45%
? Ferdinand
41%
? Cnut
40%
? Hugh
39%
? Odo
38%
? Rudolph
38%
? Æthelstan
36%
? Edgar
35%
? Edmund
33%
? Maximilian
33%
? Leopold
29%
? Sigismund
23%
? Conrad
22%
? Harthacnut
21%
? Matthias
20%
? Sweyn
19%
? Arnulf
18%
? Eadwig
18%
? Eadred
15%
? Wenceslaus
9%
? Eugène
5%
? Herman
5%
No matching quizzes found
Score Distribution
Percent of People with Each Score
Percentile by Number Answered
Your Score History
You have not taken this quiz